[Event "World School-ch U13"]
[Site "Antalya"]
[Date "2019.04.25"]
[Round "8"]
[White "Huseynzade, Tamerlan"]
[Black "Zhorayev, Almas"]
[Result "1-0"]
[WhiteElo "1499"]
[BlackElo "1542"]
[PlyCount "141"]
[EventDate "2019.04.18"]
[EventType "swiss"]
[EventRounds "9"]
[EventCountry "TUR"]
[SourceTitle "CBM 190 Extra"]
[Source "ChessBase"]
[SourceDate "2019.07.15"]
[SourceVersion "1"]
[SourceVersionDate "2019.07.15"]
[SourceQuality "1"]

1. e4 c6 2. d4 d5 3. exd5 cxd5 4. c4 Nf6 5. Nc3 g6 6. cxd5 Bg7 7. Nf3 0-0 8. Bc4 Nbd7 9. d6 exd6 10. 0-0 Nb6 11. Bb3 d5 12. Ne5 Be6 13. Bg5 Rc8 14. Rc1 h6 15. Be3 Nbd7 16. f4 Nb8 17. Bc2 Nc6 18. f5 Bxf5 19. Bxf5 gxf5 20. Rxf5 Ne7 21. Rf3 Ng6 22. Rg3 Qe8 23. Qd3 Kh7 24. Rf1 Ne4 25. Nxe4 dxe4 26. Qxe4 Bxe5 27. dxe5 Qc6 28. Qxc6 Rxc6 29. Bd4 Rc4 30. Bc3 Re4 31. Rgf3 Kg8 32. Rf5 Ne7 33. R5f4 Rxf4 34. Rxf4 Nd5 35. Rg4+ Kh7 36. Bd4 a6 37. Kf2 Rc8 38. Re4 Kg6 39. e6 f5 40. Re2 Nf4 41. Re3 Re8 42. e7 Kf7 43. Bc5 Ne6 44. Ba3 b5 45. Re5 Kf6 46. Rd5 Rb8 47. Bb4 Re8 48. Rd6 Rxe7 49. Rxa6 Rd7 50. Rb6 Rd5 51. Rd6 Ke5 52. Rxd5+ Kxd5 53. Bd2 Nc5 54. Bxh6 Nd3+ 55. Ke2 Nxb2 56. h4 Ke6 57. Bg7 Nc4 58. Bc3 Nb6 59. g3 Nd5 60. Bd2 Kf6 61. Kd3 Kg6 62. Kd4 Nf6 63. Bf4 Ne4 64. g4 Nf6 65. gxf5+ Kxf5 66. Bc1 Ke6 67. Bg5 Nd5 68. Kc5 Nc3 69. a3 Nb1 70. Kb4 Kf5 71. Kb3 1-0